| 000 | 04946nam a2200481 i 4500 | ||
|---|---|---|---|
| 001 | 74813 | ||
| 003 | 0 | ||
| 005 | 20241217151145.0 | ||
| 006 | m o u | ||
| 007 | cr cn||||||||| | ||
| 008 | 220711s2021 ck ob 000 0 spa d | ||
| 020 |
_a9789587847437 _q(pdf) |
||
| 020 |
_z9789587847376 _q(impreso) |
||
| 035 | _a(OCoLC)1336969912 | ||
| 040 |
_aFINmELB _bspa _erda _cFINmELB |
||
| 050 | 4 |
_aR763.R67 _bQ484 2021 |
|
| 080 | _a61:378.4 | ||
| 082 | 0 | 4 |
_a610.711861 _223 |
| 100 | 1 |
_aQuevedo V., Emilio, _eautor. |
|
| 245 | 1 | 3 |
_aEl renacer de una ilusión : _bhistoria de la Facultad de Medicina y de la Escuela de Medicina y Ciencias de la Salud de la Universidad del Rosario, 1969-2019. _nTomno II / _cEmilio Quevedo V., Leonardo Palacios-Sánchez, María Camila Núñez- Gómez, María Catalina Sánchez-Martínez. |
| 264 | 1 |
_aBogotá : _bEditorial Universidad del Rosario, _c2021. |
|
| 300 | _a1 recurso en línea (2 volúmenes) | ||
| 336 |
_atexto _btxt _2rdacontent/spa |
||
| 337 |
_acomputadora _bc _2rdamedia/spa |
||
| 338 |
_arecurso en línea _bcr _2rdacarrier/spa |
||
| 504 | _aIncluye referencias bibliográficas. | ||
| 505 | 0 | _aPÁGINA LEGAL -- CONTENIDO -- DEDICATORIAS -- AGRADECIMIENTOS -- PRÓLOGO -- REFERENCIA -- PRESENTACIÓN -- LOS AUTORES -- PRIMER SUBPERÍODO: DEL TRASLADO DEFINITIVO A LA QUINTA DE MUTIS Y LA (...) -- DECANATURA DE JAIME PASTRANA ARANGO (1999-2002) -- DECANATURA INTERINA DE LEONARDO PALACIOS SÁNCHEZ (2002-2003) -- DECANATURA EN PROPIEDAD DE LEONARDO PALACIOS SÁNCHEZ (2003-2014) -- SEGUNDO SUBPERÍODO: DE LA ESCUELA DE MEDICINA Y CIENCIAS DE LA SALUD A LA (...) -- LA CREACIÓN DE LA ESCUELA DE MEDICINA Y CIENCIAS DE LA SALUD -- RENOVACIÓN POR SEGUNDA VEZ DE LA ACREDITACIÓN DEL PROGRAMA DE MEDICINA -- INICIO DE LA RESTRUCTURACIÓN DEL CURRÍCULO DEL PROGRAMA DE MEDICINA -- FINAL DEL GOBIERNO DE ÁLVARO URIBE Y LLEGADA DE JUAN MANUEL SANTOS CALDERÓN A (...) -- CONTINÚA EL PROCESO DE REESTRUCTURACIÓN DEL CURRÍCULO DE MEDICINA -- MÉDERI COMO ORGANIZACIÓN DE CONOCIMIENTO37 -- LA PUESTA EN MARCHA DEL NUEVO CURRÍCULO DE MEDICINA -- VIVENCIAS ESTUDIANTILES DURANTE EL PROCESO DE REFORMA DE PROGRAMA DE MEDICINA -- CAMBIOS INTERINOS EN LA DIRECCIÓN DEL PROGRAMA DE MEDICINA Y NUEVOS PROGRAMAS (...) -- FINALIZACIÓN DE LA DECANATURA DE LEONARDO PALACIOS -- TERCER SUBPERÍODO: DE LA PUESTA EN MARCHA DE LA REFORMA A LA GRADUACIÓN DE LA (...) -- DECANATURA DE GUSTAVO QUINTERO HERNÁNDEZ (2014-2019) -- SEGUNDA DECANATURA DE GUSTAVO QUINTERO HERNÁNDEZ -- REFLEXIONES FINALES -- A MODO DE EPÍLOGO -- HITOS PARA LA INVESTIGACIÓN EN LA FACULTAD DE MEDICINA Y EN LA ESCUELA DE (...) -- BIBLIOGRAFÍA -- CONTENIDO TOMO I. | |
| 520 | _aEsta obra, publicada en dos tomos, abarca desde abril de 1969 hasta junio de 2019, construye un relato que entreteje los sucesos más relevantes de la historia colombiana e internacional, con la historia de las políticas de salud y de la educación médica, para comprender los procesos internos de la Facultad de manera crítica e integral. Para contar esta historia se establecieron dos grandes periodos, además de los antecedentes de 1965 a 1969. El primer periodo (Tomo I), se inició en 1969. El segundo período (Tomo II) inició en 2000, cuando se terminó el contrato entre la Universidad del Rosario y la Sociedad de Cirugía de Bogotá, y la Facultad de Medicina comenzó a depender exclusivamente de la Universidad. La obra termina en 2019, fecha de graduación de la primera promoción de los estudiantes formados bajo el nuevo currículo del Programa de Medicina. Este texto es una invitación a conocer nuestro vibrante devenir como Facultad y Escuela de Medicina y Ciencias de la Salud, redactada a varias manos por actores del proceso y escuchando múltiples voces. Finalmente, por la forma como fue concebida y escrita, esta obra constituye una historia de Colombia vista desde la vida desde nuestra Escuela. | ||
| 588 | _aDescripción basada en metadatos suministrados por el editor y otras fuentes. | ||
| 590 | _aRecurso electrónico. Santa Fe, Arg.: elibro, 2022. Disponible vía World Wide Web. El acceso puede estar limitado para las bibliotecas afiliadas a elibro. | ||
| 610 | 2 | 4 |
_aUniversidad Colegio Mayor de Nuestra Señora del Rosario. _bEscuela de Medicina y Ciencias de la Salud _xHistoria _y1969-2019. |
| 610 | 2 | 0 |
_aUniversidad del Rosario. _bFacultad de Medicina _xHistory. |
| 650 | 4 |
_aEducación médica _xHistoria _y1969-2019 _zBogotá (Colombia) |
|
| 650 | 4 |
_aFacultades de Medicina _xHistoria. |
|
| 650 | 4 |
_aHistoria de la medicina _y1969-2019 _zBogotá (Colombia) |
|
| 655 | 4 | _aLibros electrónicos. | |
| 700 | 1 |
_a1Palacios-Sánchez, Leonardo, _eautor. |
|
| 700 | 1 |
_a2Núñez-Gómez, María Camila, _eautor. |
|
| 700 | 1 |
_a3Sánchez-Martínez, María Catalina, _eautor. |
|
| 797 | 2 | _aelibro, Corp. | |
| 856 | 4 | 0 | _uhttps://elibro.net/ereader/politecnicointernacional/198488 |
| 942 | _cLIBROS | ||
| 999 |
_c74813 _d74813 |
||